| 000 | 01137nam a22003617a 4500 | ||
|---|---|---|---|
| 003 | CHAP | ||
| 005 | 20220329135732.0 | ||
| 008 | 971013s1976 r 00010 d | ||
| 010 | _a41295 | ||
| 011 | _a42267 | ||
| 035 | _a46395 | ||
| 040 | _cCHAP | ||
| 082 |
_a632.4 _bM8Y |
||
| 100 | 0 | 0 |
_aMuller, Emil. _979430 |
| 245 |
_aMicología _b: manual para naturalistas y médicos |
||
| 260 |
_aBarcelona : _bOmega, _c1976 |
||
| 300 |
_a345 p. _b: ilus |
||
| 490 | _aBiología | ||
| 500 | _aTrad. de la 2 ed. alemana | ||
| 590 |
_aBATCH-UPD _b10 _c20130110 _lUCH01 _h0245 |
||
| 590 |
_aBATCH-UPD _b10 _c20130110 _lUCH01 _h1737 |
||
| 590 |
_aBATCH-UPD _b10 _c20130409 _lUCH01 _h2315 |
||
| 590 |
_aBATCH-UPD _b10 _c20130914 _lUCH01 _h1621 |
||
| 590 |
_aCONVERSION _b10 _c20130109 _lUCH01 _h1323 |
||
| 650 | 1 | 4 |
_aHongos fitopatógenos. _956132 |
| 650 | 1 | 4 |
_aMicología. _975476 |
| 700 | 0 |
_aLeoffler, Wolfgang. _966048 |
|
| 830 |
_aBiología _912774 |
||
| 901 | _aBK | ||
| 942 | _cLIBRO | ||
| 949 |
_a632.4 M8Y _bBC _cLIBRO _d-105803 _eLIBRO _h44930 _i46395 _si _t715.00 |
||
| 949 |
_a632.4 M8Y _bBC _cLIBRO _d-105805 _eLIBRO _fc.2 _h49912 _i46395 _si _t715.00 |
||
| 999 |
_c41295 _d41295 |
||